Learning Resource and Development

Cell biology (Record no. 20402)

MARC details
000 -LEADER
fixed length control field 00843cam a2200253Mi 4500
001 - CONTROL NUMBER
control field cellbiology00aver
003 - CONTROL NUMBER IDENTIFIER
control field CaSfIA
005 - DATE AND TIME OF LATEST TRANSACTION
control field 20230525154942.0
007 - PHYSICAL DESCRIPTION FIXED FIELD--GENERAL INFORMATION
fixed length control field cr||||
008 - FIXED-LENGTH DATA ELEMENTS--GENERAL INFORMATION
fixed length control field 941206s1976 xx a 000 0 eng d
006 - FIXED-LENGTH DATA ELEMENTS--ADDITIONAL MATERIAL CHARACTERISTICS
fixed length control field aa 000 0
040 ## - CATALOGING SOURCE
Original cataloging agency HEBIS
Language of cataloging ger
Transcribing agency HEBIS
Modifying agency CaSfIA
020 ## - INTERNATIONAL STANDARD BOOK NUMBER
International Standard Book Number 0442203829
020 ## - INTERNATIONAL STANDARD BOOK NUMBER
International Standard Book Number 9780442203825
032 ## - POSTAL REGISTRATION NUMBER
Postal registration number 032418698
035 ## - SYSTEM CONTROL NUMBER
System control number (OCoLC)263550646
029 1# - OTHER SYSTEM CONTROL NUMBER (OCLC)
OCLC library identifier CHVBK
System control number 04995041X
100 1# - MAIN ENTRY--PERSONAL NAME
Personal name Avers, Charlotte J.
Relationship aut
245 00 - TITLE STATEMENT
Title Cell biology
Medium [electronic resource]
Statement of responsibility, etc. Charlotte J. Avers
260 ## - PUBLICATION, DISTRIBUTION, ETC.
Place of publication, distribution, etc. New York [u.a.]
Name of publisher, distributor, etc. Van Nostrand
Date of publication, distribution, etc. 1976
300 ## - PHYSICAL DESCRIPTION
Extent VIII; 566 S.
Other physical details Ill.
856 41 - ELECTRONIC LOCATION AND ACCESS
Uniform Resource Identifier <a href="http://www.archive.org/details/cellbiology00aver">http://www.archive.org/details/cellbiology00aver</a>
Public note Free eBook from the Internet Archive
856 42 - ELECTRONIC LOCATION AND ACCESS
Uniform Resource Identifier <a href="http://www.openlibrary.org/books/OL5194905M">http://www.openlibrary.org/books/OL5194905M</a>
Public note Additional information and access via Open Library
Holdings
Withdrawn status Lost status Damaged status Not for loan Collection Home library Current library Date acquired Total Checkouts Date last seen Price effective from Koha item type
        Project Gutenberg Main Library Main Library 05/25/2023   05/25/2023 05/25/2023 EBooks